Composite construction in steel and concrete V : (Record no. 1291)

000 -LEADER
fixed length control field 00685 a2200121 4500
020 ## - INTERNATIONAL STANDARD BOOK NUMBER
International Standard Book Number 0784408262
082 ## - DEWEY DECIMAL CLASSIFICATION NUMBER
Classification number 624.1821 ASC
245 ## - TITLE STATEMENT
Title Composite construction in steel and concrete V :
Remainder of title proceedings of the 5th international conference : July 18-23, 2004, Kruger National Park, Berg-en-Dal, Mpumalanga, South Africa /
Statement of responsibility, etc. sponsored by United Engineering Foundation, Inc., Structural Engineering Institute of the American Society of Civil Engineers ; edited by Roberto T. Leon, Jörg Lange.
260 ## - PUBLICATION, DISTRIBUTION, ETC.
Place of publication, distribution, etc. Reston, Va. :
Name of publisher, distributor, etc. American Society of Civil Engineers,
Date of publication, distribution, etc. c2006.
300 ## - PHYSICAL DESCRIPTION
Extent x, 722 p. :
Other physical details ill. ;
Dimensions 22 cm.
650 ## - SUBJECT ADDED ENTRY--TOPICAL TERM
Topical term or geographic name entry element Composite construction
650 ## - SUBJECT ADDED ENTRY--TOPICAL TERM
Topical term or geographic name entry element Building, Iron and steel
650 ## - SUBJECT ADDED ENTRY--TOPICAL TERM
Topical term or geographic name entry element Concrete construction
Holdings
Withdrawn status Lost status Damaged status Not for loan Permanent Location Current Location Shelving location Date acquired Total Checkouts Full call number Barcode Date last seen Price effective from Koha item type
        School of Civil and Environmental Engineering (SCEE) School of Civil and Environmental Engineering (SCEE)       624.1821 ASC NIT-6581 01/05/2017 01/05/2017 Book
© 2023 Central Library, National University of Sciences and Technology. All Rights Reserved.